00758nam a2200229Ia 450000500170000000800410001702000220005804100080008008200150008810000240010324500340012726000410016130000210020244000060022350000300022965000360025970000240029590600070031994200070032699900170033395201780035020251121202650.0230125s9999 xx 000 0 und d a978-81-8495-828-7 aeng a158.1bWOO aWoodard M G9215382 aSeven Rules For Joyful Living c2016bJaico Publishing HouseaMumbai a126pcPaper Back v1 aPersonality Development  aPersonality Development9213420 aWoodard M G9215382 b27 cBK c95685d95685 00104070aHIMRbHIMRd2019-02-13ePritam Book Centreg199.00i10771l7m5o158.1 WOO B18354pHIMR-BK-18354r2024-09-02 00:00:00s2024-08-16v172.00w2018-02-12yBKzB18354